|
|
|
|
| LEADER |
00000nam0a2200000 4500 |
| 001 |
31257 |
| 005 |
20231030204409.0 |
| 035 |
|
|
|a (RuTPU)RU\TPU\book\31534
|
| 035 |
|
|
|a BOOK00031613
|
| 090 |
|
|
|a 31257
|
| 100 |
|
|
|a 20011209d2001 m y0rusy50 ca
|
| 101 |
0 |
|
|a rus
|
| 102 |
|
|
|a RU
|
| 105 |
|
|
|a y j 001zy
|
| 200 |
1 |
|
|a Лучшие рефераты по экологии
|e для студентов вузов
|f сост. И. А. Елисеев
|
| 210 |
|
|
|a Ростов-на-Дону
|c Феникс
|d 2001
|
| 215 |
|
|
|a 320 с.
|
| 225 |
1 |
|
|a Банк Рефератов
|
| 225 |
1 |
|
|a Зачет в кармане
|
| 320 |
|
|
|a Библиогр. в конце глав.
|
| 610 |
1 |
|
|a экология
|
| 610 |
1 |
|
|a окружающая среда
|
| 610 |
1 |
|
|a история
|
| 610 |
1 |
|
|a промышленность
|
| 610 |
1 |
|
|a загрязнения
|
| 610 |
1 |
|
|a пустыни
|
| 610 |
1 |
|
|a сточные воды
|
| 610 |
1 |
|
|a здоровье
|
| 610 |
1 |
|
|a мелиорация
|
| 610 |
1 |
|
|a климатология
|
| 610 |
1 |
|
|a биосфера
|
| 610 |
1 |
|
|a метеорология
|
| 610 |
1 |
|
|a почва
|
| 610 |
1 |
|
|a парниковый эффект
|
| 610 |
1 |
|
|a фотосинтез
|
| 610 |
1 |
|
|a атомные станции
|
| 610 |
1 |
|
|a ядерный терроризм
|
| 610 |
1 |
|
|a рефераты
|
| 675 |
|
|
|a 504
|v 3
|
| 702 |
|
1 |
|a Елисеев
|b И. А
|4 220
|
| 801 |
|
0 |
|a RU
|b 63413507
|c 20011209
|g PSBO
|
| 801 |
|
2 |
|a RU
|b 63413507
|c 20150123
|g PSBO
|
| 942 |
|
|
|c BK
|